[Event "Japfa Classic"]
[Site "Bali"]
[Date "2000.04.30"]
[Round "8"]
[White "Polgar, Judit"]
[Black "Seirawan, Yasser"]
[Result "1/2-1/2"]
[WhiteElo "2658"]
[BlackElo "2647"]
[Annotator "Lukacs,P"]
[PlyCount "45"]
[EventDate "2000.04.22"]
[EventType "tourn"]
[EventRounds "9"]
[EventCountry "INA"]
[EventCategory "16"]
[SourceTitle "CBM 077"]
[Source "ChessBase"]
[SourceDate "2000.07.27"]
[SourceVersion "1"]
[SourceVersionDate "2000.07.27"]
[SourceQuality "1"]

1. e4 c6 2. d4 d5 3. Nc3 dxe4 4. Nxe4 Nd7 5. Ng5 e6 {This is a somewhat
passive defence.} (5... Ngf6 $142 {is the main line.}) 6. Bd3 Be7 (6... h6 $6 {
can be met by the aggressive} 7. Qh5 $1 Qe7 {The Q is hindering the
development of his own pieces.} 8. N1f3 Ngf6 9. Qh4 Rg8 10. Ne4 g5 11. Nxf6+
Nxf6 12. Qg3 $16 {Djurhuus-Agdestein, NOR-ch Oslo 1998}) 7. N1f3 h6 8. Ne4 (8.
Nxe6 $6 {can't be correct.} fxe6 9. Bg6+ Kf8 10. Qe2 Bf6 11. Bf4 Ne7 12. Bh5
Qa5+ 13. Nd2 Nb6 14. O-O Nbd5 15. Bg3 Nf5 16. c3 Bd7 17. Ne4 Be7 18. Be5 Nf6
19. Bf3 Nxe4 20. Bxe4 Bf6 $17 {Antoniou-Rodrigues, ITA tt 1998}) 8... Ngf6 9.
Nxf6+ {Now Black has to decide which piece will take back on f6.} (9. Qe2 Nxe4
(9... c5 {is the quick way to attack the [+].} 10. Nxf6+ (10. Nxc5 Bxc5 (10...
Nxc5 11. dxc5 {- 10.Nxf6}) 11. dxc5 Nxc5 12. Bb5+ Bd7 13. O-O a6 14. Bxd7+
Ncxd7 15. c4 O-O 16. Bf4 Qa5 17. Ne5 $14 {and White is only slightly better,
Palac-Dizdarevic, Zadar op 1995.}) 10... Nxf6 11. dxc5 Qa5+ 12. Bd2 Qxc5 13.
O-O-O {White has the lead in development.} Bd7 14. Kb1 a6 15. a3 Qb6 16. Be3
Bc5 17. Bxc5 Qxc5 18. Ne5 Bb5 19. Bxb5+ axb5 20. Rd3 $16 {Ivanchuk-Karpov,
Amber-blind rapid 1995}) 10. Qxe4 Nf6 11. Qe2 c5 (11... b6 {is too slow.} 12.
Bd2 Bb7 13. O-O-O Qc7 14. Ne5 Nd7 15. f4 {White has a strong N in the [+].} Rf8
16. Qg4 Bf6 17. Bb4 c5 18. dxc5 Bxe5 19. fxe5 bxc5 20. Bb5 O-O-O 21. Rxd7 Rxd7
22. Bxd7+ Kxd7 23. Qxg7 Qc8 24. Rd1+ Bd5 {(Wolff-Adams, Preston 1989)} 25. Ba3
$1 Kc6 26. b3 $18) 12. dxc5 Bxc5 13. Bd2 {/\ 0-0-0} Qb6 14. O-O-O Bd7 15. Ne5
Bc6 16. f4 Bd5 17. c4 Bd4 18. b3 Bc6 19. Rhe1 O-O {Kwiatkowski-Arkell,
Hastings Challengers 1998}) (9. c3 O-O (9... c5 10. O-O cxd4 11. Nxd4 O-O 12.
Re1 Re8 {This looks again a bit passive.} 13. Nxf6+ Bxf6 14. Bc2 a6 15. Qg4 {
White has good prospects of an ->.} Kh8 (15... Bxd4 16. Qxd4 Nf6 17. Qe5 $14 {
^^}) 16. Re3 {bringing the R into the -> on the third rank.} Nf8 17. Rh3 e5 18.
Nf5 g6 19. Bxh6 Kg8 20. Rg3 $16 {King-Adams, London 1989}) 10. O-O c5 11. Ne5 (
11. Re1 $5) 11... cxd4 12. cxd4 Qb6 {putting pressure on the isolated d P.} 13.
Nxf6+ Bxf6 14. Be3 Rd8 15. Qc2 Nf8 16. Rfd1 Bd7 17. d5 Qd6 18. Nxd7 Rxd7 19.
dxe6 Qxe6 20. Bc4 {^^} Rc7 21. Bxe6 Rxc2 22. Bd5 Rxb2 23. Rab1 Rxb1 24. Rxb1
Rd8 25. Bxb7 Bd4 $11 {eliminating White's ^^, Kasparov-Ivanchuk, Novgorod 1995.
}) 9... Bxf6 10. O-O b6 {This looks a bit slow now.} (10... c5 11. c3 cxd4 (
11... O-O 12. Bc2 {/\ Qd3 >< h7}) 12. Nxd4 $5 (12. cxd4 {creates an isolated P,
but Black is suffering from the lack of development.} Nb6 (12... O-O 13. Qe2
Re8 14. Re1 $36) 13. Ne5 (13. Re1 Nd5 {blockading >< d5.}) 13... Bd7 14. Be4 $1
Nd5 $5 {Cvetkovic} (14... Bxe5 $6 15. dxe5 Bc6 16. Bxc6+ bxc6 17. Qg4 Kf8 18.
Be3 $16 {Chandler-Speelman, Reykjavik 1991}) 15. Re1 O-O 16. Qh5 $14 {>< h6})
12... a6 $1 (12... Nc5 13. Bc2 e5 14. Nf5 $14) (12... O-O {can be dangerous
because of the typical threats on the b1-h7 /^.} 13. Bc2 $1 a6 (13... Ne5 14.
Qh5 $40) (13... Re8 14. Nb5 {>< d6}) 14. Qd3 Re8 {Sad, but true.} (14... g6 $2
{founders on the devastating} 15. Nxe6 $1 fxe6 16. Qxg6+ Bg7 17. Qh7+ Kf7 18.
Bg6+ Kf6 19. Bh5 $1 $18) 15. Qh7+ Kf8 16. Re1 $16) 13. Re1 (13. Bc2 Qc7) 13...
O-O 14. Bc2 Re8 15. Qg4 {- 9.c3 c5 10.0-0 cxd4 11.Nxd4} (15. Qd3 Nf8 {
defending >< h7})) 11. Bf4 (11. Qe2 Bb7 12. Re1 (12. Bf4 {- 11.Bf4}) 12... c5 (
12... O-O $2 {is again dubious because of} 13. Qe4 $18) 13. dxc5 Nxc5 $5 (13...
bxc5 14. Bb5 {with threats against the pinned N.} a6 (14... Qc7 15. Ne5 Bxe5
16. Qxe5 Qxe5 17. Rxe5 $14) (14... O-O 15. Rd1 Bd5 16. c4 Bxf3 17. Qxf3 Ne5 18.
Qh5 Qb6 19. Bf4 $36) 15. Ba4 O-O 16. Rd1 Bxf3 17. Qxf3 Ne5 18. Qe2 Qb6 19. c3
Rfd8 20. Be3 $14 {^^ and weaknesses on the <<.}) 14. Bb5+ Kf8 15. c3 a6 $1 16.
Bc4 b5 $11 {and the B is gone.}) 11... Bb7 12. Be4 (12. Bd6 {is simply met by}
Be7) (12. Qe2 $142 $1 {is more flexible.} c5 (12... Qe7 13. Rad1 O-O-O 14. Rfe1
$14 {with pressure on the [+].}) 13. dxc5 bxc5 (13... Nxc5 14. Bb5+ Kf8 15.
Rad1 $16) (13... Bxb2 14. Rad1 $1 $36) 14. Rad1 Qb6 15. Bb5 Bc6 16. Bxc6 Qxc6
17. b3 $14 {and Black has weak pawns on the <<.}) 12... Qc8 (12... Be7 13. Re1
Nf6 14. Bd3 O-O 15. Qe2 $14) 13. Qe2 (13. Re1 O-O 14. c3 c5 {This is the
problem. If White exchanges his light-squared B, his -> is not dangerous
anymore.} 15. Bc2 Rd8 {vacating the square for the N.} (15... Ba6 $6 {is
illogical.} 16. d5 $14) (15... cxd4 $6 16. Qd3 $1 g6 17. Bxh6 $16) 16. Qd3 Nf8
$11) 13... O-O 14. c4 (14. Rad1 c5 $11) 14... c5 15. d5 (15. Bxb7 Qxb7 $11)
15... exd5 16. Bxd5 (16. cxd5 $2 {is a mistake because of} Ba6 17. Bd3 Re8 18.
Qc2 Bxd3 19. Qxd3 Bxb2 20. Rae1 Nf6 $17) 16... Re8 17. Qc2 b5 $5 (17... Bxd5
18. cxd5 Qa6 $1 {was a serious alternative activating the Q.} 19. Be3 (19. Rfe1
Rxe1+ 20. Rxe1 $6 (20. Nxe1 Re8) 20... Qxa2 {Black can bravely take the P.} 21.
Qf5 Nf8 22. Bxh6 Rd8 23. Rd1 Qa4 24. Re1 Qd7 $17) 19... Rad8 20. Rfd1 Ne5 21.
Nxe5 Rxe5 22. d6 Re6 23. Bf4 Qe2 $15 {successfully blockading the d o^.}) 18.
Rae1 Rxe1 19. Rxe1 bxc4 20. Bxf7+ {White is going for a draw by perpetual
checks.} (20. Qxc4 Bxd5 21. Qxd5 Nb6 22. Qd2 Qf5 {is not giving anything for
White either.}) 20... Kxf7 21. Qxc4+ Kg6 22. Qd3+ Kf7 23. Qc4+ 1/2-1/2

[Event "Sofia MTel Masters 1st"]
[Site "Sofia"]
[Date "2005.05.12"]
[Round "1"]
[White "Kramnik, Vladimir"]
[Black "Ponomariov, Ruslan"]
[Result "1-0"]
[WhiteElo "2753"]
[BlackElo "2695"]
[Annotator "Lukacs,P"]
[PlyCount "119"]
[EventDate "2005.05.12"]
[EventType "tourn"]
[EventRounds "10"]
[EventCountry "BUL"]
[EventCategory "20"]
[SourceTitle "CBM 107"]
[Source "ChessBase"]
[SourceDate "2005.08.01"]
[SourceVersion "1"]
[SourceVersionDate "2005.08.01"]
[SourceQuality "1"]

1. e4 c6 2. d4 d5 3. Nd2 dxe4 4. Nxe4 Nd7 5. Ng5 Ngf6 6. Bd3 e6 7. N1f3 Bd6 8.
Qe2 h6 9. Ne4 Nxe4 10. Qxe4 c5 11. O-O Nf6 12. Qh4 cxd4 (12... Qc7 {-
Ivanchuk-Karpov, Dortmund 1997 CBM 60}) 13. Re1 {The whole variation looks a
little bit better for White.} Bd7 14. Nxd4 (14. Qxd4 $5 Bc6 15. Ne5 Bxe5 16.
Qxe5 Qd5 $14 {Bologan-Svidler, Poikovsky 2005}) 14... Qa5 15. Be3 g5 $5 (15...
Kf8 $6 {- Lautier-Karpov, Credit Suisse 1997 CBM 60}) (15... O-O-O $2 {loses
the a7 P.} 16. Nb3 Qc7 17. Bxa7 g5 18. Qh3 e5 19. Qf3 $18) (15... O-O $6 {
founders on} 16. Bxh6 $1 $16) (15... Rd8 $2 {runs into} 16. Nf5 $1 Bf8 {
This is a sad retreat.} 17. Bd4 Bc6 18. Qg3 Kd7 19. Nxg7 $18 {L.
Dominguez-Rasmussen, Copenhagen 2002}) (15... Qh5 16. Qxh5 Nxh5 17. Nf5 Bf8 (
17... exf5 $2 18. Bc5+) 18. Rad1 {White wants to get the ^^, which is a big
advantage in an open position.} Nf6 (18... O-O-O $6 {is met by the witty} 19.
Bxa7 $3 exf5 20. Bb6 $1 Nf6 (20... Bd6 $2 21. Bxd8 Rxd8 22. Be2 $18) (20... g6
$2 21. Bxd8 Kxd8 22. Bb5 Nf6 23. Rxd7+ Nxd7 24. Rd1 $18) 21. Bxd8 Kxd8 22. Bxf5
g6 (22... Kc7 $6 23. Bxd7 Nxd7 24. Re8 $16) 23. Bxd7 Nxd7 24. Re3 Rh7 $1 25.
Rde1 $14 {White has a R and two pawns for B and N, so the _|_ is better for
him.}) 19. Bf4 O-O-O 20. Nd6+ Bxd6 21. Bxd6 $14 {White's ^^ is very strong.})
16. Qh3 O-O-O (16... Be5 17. c3 Qd5 18. Rad1 $14) 17. Qf3 (17. Nb3 {deserved
attention as well.} Qa4 (17... Qd5 18. Rad1 Bc6 19. Be2 $16) 18. Bd4 $1 {
White gives up the ^^, but ruins Black's P structure.} (18. Qf3 Be5 19. Nc5 Qc6
20. Qe2 $13) 18... e5 19. Qf3 exd4 (19... Ng4 20. Bc5 $16) 20. Qxf6 Qc6 $1 (
20... Be6 21. Bf5 $16) (20... Bc6 21. Qxf7 $16) 21. Qxf7 (21. Qxd4 Kb8) 21...
Qc7 22. Nxd4 Bxh2+ 23. Kf1 Qb6 24. c3 Kb8 25. Qb3 Qf6 26. Be4 Qa6+ 27. Re2 Rhe8
$14 {with some compensation for the sacrificed P.}) 17... Be5 (17... Qe5 $5 {
was the critical question.} 18. g3 g4 {deserved attention.} (18... Nd5 19. Nf5
$1 (19. Qxf7 Nxe3 20. c3 (20. fxe3 h5) 20... Rdf8 21. Qg6 Be8 22. Qxe6+ Qxe6
23. Nxe6 Nd5 24. Rad1 $44) 19... g4 (19... exf5 20. Bxa7 $16) 20. Nxd6+ Qxd6
21. Qxf7 (21. Qxg4 Nxe3 22. Rxe3 Bc6) 21... Nxe3 22. Rxe3 Qd4 23. Rd1 $16) 19.
Qe2 Qh5 (19... Bc5 20. c3 h5 $13) 20. c4 Kb8 $13) 18. a4 $1 Nd5 $6 (18... Qd5
19. c3 g4 (19... a6 20. Qe2 $36) 20. Qe2 Qd6 21. g3 $14) 19. Nb5 $1 {This is
the point! The N is very annoying, and as we will see, Black cannot get rid of
him easily.} (19. Nb3 Qc7 20. Bxa7 Bxh2+ 21. Kh1 Be5 {is not that clear.})
19... a6 (19... Bxb2 $2 20. Nd6+ Kb8 21. Nc4 Qc3 22. Rab1 $18) (19... Nxe3 20.
Qxe3 Bf4 21. Qxa7 Qxa7 22. Nxa7+ Kb8 23. Nb5 Bxb5 $14 {leads to ^-, but White
has an extra P and the rooks are still on the board.}) 20. c3 $1 {The N
doesn't want to leave this excellent square.} Nxe3 (20... axb5 $2 21. axb5 $18)
21. Qxe3 (21. b4 $1 {is the phantastic zwischenzug!} Qb6 22. a5 Bc6 (22... g4
23. Qe4 Bxh2+ 24. Kxh2 g3+ 25. fxg3 f5 26. axb6 fxe4 27. Nd6+ Kb8 28. Bxe4 $18)
23. Qh5 Bxh2+ 24. Qxh2 Ng4 25. axb6 Nxh2 26. Na7+ Kb8 27. Nxc6+ bxc6 28. Be2
$18) 21... Bc7 22. b4 Qb6 23. Qxb6 Bxb6 24. Nd6+ Kb8 (24... Kc7 25. Nxf7 Rhf8
26. Nxd8 Bxf2+ 27. Kh1 Bxe1 28. Nxe6+ $1 Bxe6 29. Rxe1 Rd8 30. Bf1 {It is
advisable to avoid the R _|_.} (30. Rxe6 Rxd3 31. h4 Rxc3) 30... Bb3 31. a5 Rd2
32. Kg1 $14) 25. Nxf7 Rhf8 ({missing the liquidation to the R _|_ after} 25...
Bxf2+ $1 26. Kxf2 Rhf8 27. Bg6 Be8 28. Rxe6 Bxf7 29. Bxf7 Rxf7+ 30. Ke2 Rdf8 {
and Black has the well-known drawing chances in the R _|_.}) 26. Nxd8 Bxf2+ 27.
Kh1 Bxe1 28. Nxe6 $1 {This important zwischenzug White the edge in the _|_.} (
28. Rxe1 Rxd8 29. a5 Bc6 $11) 28... Bxe6 29. Rxe1 $16 Bb3 (29... Rd8 30. Bf1 $5
(30. Rxe6 Rxd3 31. h4 gxh4 32. Rxh6 Rxc3 33. Rxh4 $16) 30... Bb3 31. a5 Rd2 32.
Kg1 Rc2 33. Re3 $16) 30. a5 Rc8 31. Rc1 Bc4 $6 (31... Rd8 $5 32. Bf5 Rd2 33.
Kg1 Bc4 $14) 32. Be4 $1 {White still wants to avoid the R _|_.} (32. Bxc4 Rxc4
33. Kg1 Kc7 34. Kf2 Kc6 35. Ke3 Rh4 $14) 32... Re8 33. Bf3 Kc7 34. Kg1 Re3 35.
Kf2 Rd3 36. Be4 Rd6 37. Ke3 Bb5 (37... h5 38. Rc2 h4 39. Rf2 $18) 38. Rc2 (38.
c4 Bc6 39. Bxc6 Rxc6 40. Kd4 Rd6+ 41. Kc3 Re6 $16) 38... Bc6 {Now finally
Black exchanges the bishops, but White has significantly improved his K.} 39.
Bxc6 Rxc6 40. Kd4 Rf6 41. Ke5 Rf1 42. h3 Kc6 43. Rd2 Re1+ (43... Kb5 44. Rd6
Rf2 45. g4 Kc4 46. Rxh6 Kxc3 47. Rb6 Rf7 48. Ke6 Rh7 49. Kf6 $18) 44. Kf5 Rc1
$2 (44... Re3 {looks more persistant.} 45. Rd8 $1 (45. c4 Rb3 46. Kg6 Rxb4 47.
Kxh6 Rxc4 48. Kxg5 Rc5+ 49. Kg6 Rxa5 50. h4 Ra4 $1 51. h5 Rg4+ 52. Kf5 Rh4 53.
Kg5 Rh2 $1 54. h6 b5 $132) (45. Kg6 Rxc3 46. Kxh6 Rg3 $132) 45... Rg3 $1 (45...
Kc7 46. Rh8 Rxc3 47. Rh7+ $18) (45... b6 46. axb6 Kxb6 47. Kg6 Rxc3 48. Kxh6
Rg3 49. Rb8+ Kc7 50. Rg8 Rxg2 51. h4 $1 $18) (45... Kb5 46. Rd7 Rxc3 47. Rxb7+
Ka4 48. Rb6 Rg3 49. Rxa6 Kxb4 50. Rxh6 Kxa5 51. Rg6 Rxg2 52. Rxg5 Rh2 53. Kg4+
Kb6 54. Rd5 $1 $18) 46. c4 Rxg2 47. Rh8 Rf2+ 48. Kg6 $1 (48. Ke5 Rb2 49. Rxh6+
Kc7 50. Rb6 Rb3 $11) (48. Ke4 Rf4+ $1) 48... Rb2 49. Rxh6 Rxb4 50. Kxg5+ Kc7
51. h4 $1 Ra4 (51... Rxc4 52. Rf6 $18) 52. Rf6 Rxa5+ 53. Kg6 $18) 45. Rd3 $1
$18 Kb5 46. Rd7 Rxc3 (46... Kc6 47. Rh7 Rxc3 48. Rxh6+ $18) 47. Rxb7+ Ka4 48.
Kg6 Rg3 (48... Rb3 49. Kxh6 Rxb4 50. Rxb4+ Kxb4 51. Kxg5 $18) 49. b5 $1 {
Kramnik's technique is excellent.} axb5 (49... Kxa5 50. bxa6 Kxa6 51. Rb2 $18)
50. a6 Re3 51. Kxh6 Re6+ 52. Kxg5 Rxa6 53. h4 Ra8 54. g4 Rg8+ 55. Kf4 Rf8+ 56.
Kg3 Ka5 (56... b4 57. h5 b3 58. h6 $18) 57. h5 Ka6 58. Re7 b4 59. h6 b3 60. Re3
1-0

[Event "Corus"]
[Site "Wijk aan Zee"]
[Date "2004.01.19"]
[Round "8"]
[White "Leko, Peter"]
[Black "Bologan, Viktor"]
[Result "1-0"]
[WhiteElo "2722"]
[BlackElo "2679"]
[Annotator "Lukacs,P"]
[PlyCount "59"]
[EventDate "2004.01.10"]
[EventType "tourn"]
[EventRounds "13"]
[EventCountry "NED"]
[EventCategory "19"]
[SourceTitle "CBM 099"]
[Source "ChessBase"]
[SourceDate "2004.03.30"]
[SourceVersion "1"]
[SourceVersionDate "2004.03.30"]
[SourceQuality "1"]

1. e4 c6 2. d4 d5 3. Nc3 dxe4 4. Nxe4 Nd7 5. Ng5 Ngf6 6. Bd3 e6 7. N1f3 Bd6 8.
Qe2 h6 9. Ne4 Nxe4 10. Qxe4 Qc7 11. O-O b6 12. Qg4 (12. Re1 Bb7 {-
Zakhartsov-Lastin, RUS-ch Krasnoyarsk 2003 CBM 98}) 12... Kf8 (12... g5 {
- Anand-Bologan, Dortmund 2003 CBM 97}) 13. b3 (13. Qh4 Bb7 14. b3 (14. Re1 Re8
15. Bd2 c5 16. Be4 Bxe4 17. Rxe4 Nf6 18. Re2 c4 {fighting for >< d5.} 19. Ne5
Bxe5 20. dxe5 Nd5 21. a4 Rc8 $11 {Arakhamia-Speelman, BCF-chT 1997}) 14... c5
15. Be4 (15. Qh3 $5) 15... Be7 $1 16. Bg5 Bxg5 17. Nxg5 {[#]} hxg5 $1 {This is
the solution!} (17... cxd4 18. Bxb7 Qxb7 19. Rad1 e5 20. f4 $1 $40) 18. Qxh8+
Ke7 19. Qxg7 Bxe4 20. Qxg5+ Nf6 21. f3 Bxc2 22. dxc5 Rg8 23. Qd2 Qxc5+ 24. Rf2
Bf5 $17 {David-Schlosser, France 2003}) (13. Re1 c5 (13... Bb7 14. Bd2 {
This idea is against a quick c6-c5.} (14. h4 {doesn't look very necessary here.
} c5 15. c3 Rd8 {Black wants to secure the stronghold on d5.} (15... c4 {
Black wants to secure the stronghold on d5.} 16. Bc2 b5 17. Qh3 Ke7 18. Nd2 Nf6
19. Ne4 Nxe4 20. Bxe4 Rhe8 21. Qf3 Rab8 22. Bxb7 Qxb7 $11 {Gallagher-Sasikiran,
BCF-ch Torquay 2002}) 16. Bd2 Nf6 17. Qh3 Bxf3 18. Qxf3 cxd4 19. cxd4 Qd7 20.
a4 Be7 21. Bc3 a5 $11 {Nevednichy-Cosma, Bucharest 1998}) (14. b3 Nf6 15. Qh4
Rd8 16. a4 a5 17. Bb2 Nd5 18. Ne5 Qe7 19. Qh3 Nf4 20. Qf3 Bxe5 21. Rxe5 Nxd3
22. Qxd3 Kg8 23. Rae1 $14 {Skipchenko-Danielian, EU-ch 2001}) 14... Nf6 ({
Immediately} 14... c5 $6 {is answered by} 15. dxc5 Nxc5 16. Bc3 $1 {creating
more weaknesses on the >>.} f6 17. Nh4 $36 {Khalifman}) 15. Qh4 c5 16. Ne5 Rd8
(16... cxd4 17. Qxd4 Rd8 $14 {- Yandemirov-Kharitinov, RUS-Cup Moscow 1996 CBM
56 ext}) 17. Rad1 a5 18. Bc3 $14 {Yandemirov-Vyzmanavin, RUS-Cup Novgorod 1997}
) 14. Qh3 $5 {The Q is always vulnerable on g4.} (14. Qh4 Bb7 15. Be4 Bxe4 16.
Qxe4 Rd8 17. c3 cxd4 18. cxd4 {Here the isolated P is weak without having any
compensation for it.} Nf6 19. Qe2 Rc8 $15 {Ganguly-Sundaranjan, IND-ch U20
Sivakasi 1999}) (14. Bd2 {is again met by the standard} c4 15. Bf1 Bb7 16. Rad1
Bd5 17. Qh5 g6 18. Qh3 {(A.Horvath-Tsiamas, WJun Athens 2001)} Kg7 $11) 14...
Bb7 15. Bd2 Nf6 (15... c4 $5 {deserves attention again.}) 16. dxc5 bxc5 17. Bc3
c4 18. Bxf6 cxd3 19. Bc3 dxc2 20. Rac1 Bd5 21. Rxc2 {It is still not easy for
Black to connect his rooks because of the bad K on f8.} Qb7 22. Be5 Bxe5 23.
Nxe5 $14 {Pein-Sasikiran, BCF-ch Hove 1997}) 13... Bb7 (13... c5 14. dxc5 Nxc5
15. Bb2 e5 16. Bf5 h5 17. Qh3 Ne6 18. Nh4 Rh6 {Black has repelled the first
wawe of ->.} 19. Qe3 Bb7 20. Rad1 Nd4 21. Be4 Kg8 {1/2:1/2 Geenen-Bagheri,
BEL-chT 2003}) 14. Bb2 (14. Re1 {- 13.Re1}) 14... Nf6 15. Qh4 (15. Qh3 Nd5 $1)
15... c5 (15... Bf4 $6 {helps only for White to execute his standard plan.} 16.
Ne5 g5 17. Qh3 Bxe5 18. dxe5 Nd5 19. Be4 c5 20. Qf3 Rg8 21. Rfe1 Rb8 22. Rad1
$16 {El Taher-Ezat, Tanta op 2000}) (15... Ke7 $6 {is premature here:} 16. c4
$1 (16. Ne5 Rae8 (16... c5 17. Rae1 cxd4 18. Bxd4 Bc5 19. Bb2 Rag8 20. Bc4 Kd8
21. Re2 Rf8 22. Rd1+ Kc8 23. Nxf7 $1 $18 {Luther-Yevseev, Groningen op 1998})
17. f4 Kd8 {So the K leaves surprisingly enough to the <<!} 18. Rad1 Kc8 19. c4
c5 20. dxc5 Bxc5+ 21. Kh1 Rd8 22. f5 exf5 23. Bxf5+ Kb8 24. Nd3 Qc6 25. Qg3+
Bd6 26. Be5 Ka8 27. Bxd6 Qxd6 $11 {Bellia-Arlandi, Porto San Giorgo 1997})
16... Rae8 (16... c5 {opens up the position against his own K in the middle.}
17. d5 $1 exd5 18. Rfe1+ $18) (16... Rhe8 17. Rfe1 Kf8 18. d5 $1 $18) 17. Rad1
Kd8 (17... c5 {is again answered by the standard} 18. d5 $1 exd5 19. Rfe1+ Kd8
20. Bxf6+ gxf6 21. Qxf6+ Be7 (21... Kc8 $2 22. Bf5+ Kb8 23. Rxe8+ Rxe8 24. cxd5
$18) 22. Qf5 d4 23. Be4 $16 {with many holes on the light squares.}) 18. c5 $1
Be7 19. Ne5 $16 {with good attacking chances due to the space advantage.}) (
15... Nd5 $1 {is probably the best answer here.} 16. Rfe1 (16. c4 $2 Nf4 17.
Be4 g5 18. Nxg5 Be7 $19) (16. Ne5 c5 17. Qg3 Bxe5 18. dxe5 Nb4 19. Rfd1 Rd8 20.
c4 Nxd3 21. Rxd3 Rxd3 22. Qxd3 Ke7 23. Qg3 g5 24. h4 Rg8 $11 {
Pikula-Sundararajan, Biel MTO op 2000}) 16... Nf4 17. Rad1 Kg8 (17... g5 $2 {
is now parried by} 18. Nxg5 Be7 19. Re5 $1 Nxd3 20. Rxd3 Bf6 (20... Kg7 21. Qg3
$18) 21. Nh7+ $18) 18. c4 {[#]} g5 $1 {- Arakhamia Grant-Portisch, Roquebrune
1998 CBM 67. Black has always serious threats here against the Q.} (18... Nxd3
$6 19. Rxd3 c5 20. d5 $16)) 16. dxc5 (16. Ne5 cxd4 17. Qxd4 Qc5) 16... Qxc5 (
16... bxc5 17. Bxf6 Bxf3 18. Bb2 Bd5 19. c4 Bb7 20. Rad1 $14 {and Black is
still suffering from the awkward position of his K, Brynell-Vernersson, SWE-ch
Orebro 2000.}) 17. Bxf6 (17. Bd4 Qa5 (17... Qc6 18. Rfe1 g5 19. Qh3 g4 20. Qh4)
18. Bxf6 gxf6 19. Qxf6 Qh5 {- 17.Bxf6}) 17... gxf6 (17... Bxf3 18. Bd4 (18. Bb2
Qh5 19. Qxh5 Bxh5 20. h3 f6 $14 {is an only slightly worse _|_ for Black.})
18... Qh5 19. Qxh5 Bxh5 20. a4 $14) 18. Qxf6 Qh5 $1 (18... Rg8 $6 19. Rfe1
Bxh2+ (19... Qh5 {- 18...Qh5}) 20. Kf1 $1) 19. Rfe1 {[#]} (19. Qxh8+ Ke7 {[#]}
20. Bg6 $1 {This is by the way a wonderful intermediate move!} (20. Qd4 Bxf3
$19) 20... Qxg6 (20... Qxf3 21. gxf3 Rxh8 22. Be4 $18) 21. Qc3 Rg8 22. g3 Qe4
23. Kg2 Rc8 $5 (23... Be5 24. Qe3 Qxe3 25. fxe3 Bxa1 26. Rxa1 Rd8 27. Rf1 {
White is a healty P up, although Black still has some practical chances.} f5
28. Kf2 Be4 29. c4) 24. Qd3 Rxc2 25. Qxe4 Bxe4 26. Rfc1 Rd2 $44 {and Black has
sufficient counterplay because of the nasty pin and the active pieces.}) (19.
Qd4 $1 {was the strongest continuation.} Ke7 20. Be4 {White has to neutralize
the pressure on the long /^.} Rad8 21. Qe3 $14) 19... Rg8 $2 {Black clearly
overestimates his chances.} ({missing the simple} 19... Bxf3 $1 20. Qxf3 (20.
Qxh8+ $2 Ke7 $19) 20... Bxh2+ 21. Kh1 Qxf3 22. gxf3 Bd6 23. Re4 $11) 20. Be4
$16 {Now Black has no real compensation for the P.} Rxg2+ $2 {This leads to a
quick loss.} (20... Be7 21. Qe5 $16) (20... Qg4 21. Ne5 $1) 21. Kxg2 Qg4+ 22.
Kh1 Bxe4 23. Rxe4 Qxe4 24. Re1 Qh7 (24... Qg4 25. Rg1 Qe4 26. Rg7 $18) (24...
Qg6 25. Qxg6 fxg6 26. Rxe6 Bc5 27. Ne5 $1 Rd8 28. Nd3 $18) 25. Nd4 $18 Ke8 26.
Nxe6 $1 Kd7 27. Qf3 Rb8 28. Nd4 Rc8 29. Qh3+ f5 30. Nxf5 1-0